书目信息 |
| 题名: |
代数和编码
|
|
| 作者: | 万哲先 编著 | |
| 分册: | ||
| 出版信息: | 北京 科学出版社 1976 |
|
| 页数: | 497页 | |
| 开本: | 19cm | |
| 丛书名: | ||
| 单 册: | ||
| 中图分类: | TN919.3 , O157.4 | |
| 科图分类: | ||
| 主题词: | 数据传输-编码 , 编码-数据传输 , 代数 , 数论 , 组合数学 | |
| 电子资源: | ||
| ISBN: | ||
| 000 | 00676nam0 2200277 45 | |
| 001 | 0176001235 | |
| 005 | 20061119161145.00 | |
| 010 | @dCNY1.45 | |
| 100 | @a19951014d1976 em y0chiy0121 ea | |
| 101 | 0 | @achi |
| 102 | @aCN@b110000 | |
| 105 | @ay z 000yy | |
| 200 | 10 | @a代数和编码@Adai shu he bian ma@f万哲先编著 |
| 210 | @a北京@c科学出版社@d1976 | |
| 215 | @a497页@d19cm | |
| 606 | @a数据传输-编码 | |
| 606 | @a编码-数据传输 | |
| 606 | 0 | @a代数 |
| 606 | 0 | @a数论 |
| 606 | 0 | @a组合数学 |
| 690 | @aTN919.3@v3 | |
| 690 | @aO157.4@v3 | |
| 701 | 0 | @a万哲先@Awan zhe xian@4编著 |
| 801 | 2 | @aCN@bNLC@c20061119 |
| 801 | 0 | @aCN@bTSSF |
| 905 | @a10447@dO157.4@e4 | |
| 代数和编码/万哲先编著.-北京:科学出版社,1976 |
| 497页;19cm |
| ISBN :CNY1.45 |
| ● |
| 相关链接 |
|
|
|
|
正题名:代数和编码
索取号:O157.4/4
 
预约/预借
| 序号 | 登录号 | 条形码 | 馆藏地/架位号 | 状态 | 备注 |
| 1 | 0007770 | 000414689 | 第二样本阅览室/ [索取号:O157.4/4] | 在馆 |